| 000 | 01040nam a22003137a 4500 | ||
|---|---|---|---|
| 001 | 697 | ||
| 005 | 20230630142707.0 | ||
| 008 | 230630b cb ||||| |||| 00| 0 eng d | ||
| 020 | _a0439301823 | ||
| 040 |
_aDLC _cDLC _dDLC _beng |
||
| 050 | 0 | 0 |
_aPZ7.P3856 _bSm 2003 |
| 082 | 0 | 0 |
_a[Fic] _221 |
| 100 | 1 |
_aPennypacker, Sara, _d1951- |
|
| 245 | 1 | 0 |
_aStuart goes to school / _cby Sara Pennypacker ; illustrated by Martin Matje. |
| 250 | _a1st ed. | ||
| 260 |
_aNew York : _bScholastic, _c2003. |
||
| 300 |
_a56 pages : _billustrations ; _c20 cm. |
||
| 505 | _aO | ||
| 520 | _aWorried about his first day at a new school, eight-year-old Stuart wears his magic cape and hopes that it will help him. | ||
| 521 |
_a630
_bLexile |
||
| 521 |
_aO
_bRaz-Plus |
||
| 650 | 1 |
_aFirst day of school _vFiction. |
|
| 650 | 1 |
_aWorry _vFiction. |
|
| 650 | 1 |
_aClothing and dress _vFiction. |
|
| 650 | 1 |
_aMagic _vFiction. |
|
| 700 | 1 |
_aMatje, Martin, _eillustrator. |
|
| 906 |
_a7 _bcbc _corignew _d1 _eocip _f20 _gy-gencatlg |
||
| 942 |
_2ddc _cBK _n0 |
||
| 999 |
_c697 _d697 |
||